A-Z: Cities with cryptic clues - Statistics

General Stats
  • This quiz has been taken 24 times
  • The average score is 7 of 26
Answer Stats
Clue City % Correct
C Place where superhero gets their attire? Cape Town
68%
B Good Spanish raises assorted capital Buenos Aires
59%
N South American place of birth Natal
55%
Q Give up nothing of high capital Quito
55%
F Priceless city in the land of the lion Freetown
50%
G Oddly gray zeal for Middle Eastern conflict zone Gaza
41%
D S. Sudan in battle at tricky ford on Rhine Dusseldorf
36%
K First killing in eastern violence capital Kiev
36%
R Explorer in bicycle race in America Raleigh
36%
A Alpha American metal powers Austin
32%
L Goals in the past, in the fifties Lagos
32%
W Likeable bear gains momentum and force in N. America Winnipeg
32%
H Chuckle at uncommon place Harare
23%
T Thanks - I get Chinese money Taiyuan
23%
V Velocity of river next to strange zone and small house, in W. Russia Voronezh
23%
M Wine from desert location Muscat
18%
S Before comes after, following saint's confusion Santiago
18%
Y Initially yes, unrestricted economy yields a net gain Yueyang
18%
O In Spain he heard of Nigerian city, going back and forth Oyo
14%
E Mexican cat charges into Estonia with muscle Ecatepec
9%
I One malicious ant with no tail Ibadan
9%
P Back up and be the French place Puebla
9%
J Day of sauce in a day in France Jodhpur
5%
U Learner in major country in the north Ulsan
5%
X Leader of New York gains a tiny amount of weight Xinyang
5%
Z Weird quiz loses you - just laugh; there's nothing, no gravity puzzle here Zhaoqing
0%
No matching quizzes found
Score Distribution
Percent of People with Each Score
Percentile by Number Answered
Your Score History
You have not taken this quiz